ბათუმის შოთა რუსთაველის სახელმწიფო უნივერსიტეტის ბიბლიოთეკა

საქართველოს ტექნიკური უნივერსიტეტი შრომები. N-3 (419). (ბიბ.ჩანაწერი № 35714)

000 -LEADER
fixed length control field 00604nam a2200205Ia 4500
001 - CONTROL NUMBER
control field 1587
003 - CONTROL NUMBER IDENTIFIER
control field GE_BSU
008 - FIXED-LENGTH DATA ELEMENTS--GENERAL INFORMATION
fixed length control field 181216s||||||||xx |||||||||||||| ||und||
040 ## - CATALOGING SOURCE
Transcribing agency GE_BSU
080 ## - UNIVERSAL DECIMAL CLASSIFICATION NUMBER
Universal Decimal Classification number 378(061)
245 ## - TITLE STATEMENT
Title საქართველოს ტექნიკური უნივერსიტეტი შრომები. N-3 (419).
245 ## - TITLE STATEMENT
Remainder of title შრომები
260 ## - PUBLICATION, DISTRIBUTION, ETC.
Place of publication, distribution, etc. თბ.
260 ## - PUBLICATION, DISTRIBUTION, ETC.
Name of publisher, distributor, etc. საქ. ტექნიკ. უნ-ტი.
260 ## - PUBLICATION, DISTRIBUTION, ETC.
Date of publication, distribution, etc. 1998.
300 ## - PHYSICAL DESCRIPTION
Extent 237გვ;23სმ.
653 ## - INDEX TERM--UNCONTROLLED
Uncontrolled term შრომები.
942 ## - ADDED ENTRY ELEMENTS (KOHA)
Koha item type წიგნი
ეგზემპლარები
Withdrawn status Lost status Damaged status Not for loan Date acquired Barcode Date last seen Price effective from Koha item type
        2018-12-17 3035 2018-12-17 2018-12-17 წიგნი